Medicine, ethics and law: Thirteenth Annual Conference at Leeds, 4th - 6th April 1986
| Corporate Author: | |
|---|---|
| Contributors: | |
| Format: | Print Book |
| Language: | English |
| Published: |
Stuttgart
Steiner-Verlag Wiesbaden
1987
|
| In: |
Annual conference / United Kingdom Association for Legal and Social Philosophy (13)
Year: 1987 |
| Online Access: |
Table of Contents Table of Contents |
| Check availability: | HBZ Gateway |
| Subito Delivery Service: | Order now. |
| Keywords: |
MARC
| LEADER | 00000cam a2200000 c 4500 | ||
|---|---|---|---|
| 001 | 026614332 | ||
| 003 | DE-627 | ||
| 005 | 20260206200308.0 | ||
| 007 | tu | ||
| 008 | 870915s1987 gw ||||| 00| ||eng c | ||
| 015 | |a 87,N29,0130 |2 dnb | ||
| 015 | |a 87,A44,0608 |2 dnb | ||
| 016 | 7 | |a 870827634 |2 DE-101 | |
| 020 | |a 3515049355 |9 3-515-04935-5 | ||
| 035 | |a (DE-627)026614332 | ||
| 035 | |a (DE-603)007510969 | ||
| 035 | |a (DE-576)01349905X | ||
| 035 | |a (DE-599)GBV026614332 | ||
| 035 | |a (OCoLC)843974127 | ||
| 035 | |a (OCoLC)310754802 | ||
| 035 | |a (OCoLC)612792471 | ||
| 040 | |a DE-627 |b ger |c DE-627 |e rakwb | ||
| 041 | |a eng | ||
| 044 | |c XA-DE | ||
| 082 | 0 | |a 342.085 |a 342.285 |2 DDC19oclc | |
| 084 | |a 33 |2 sdnb | ||
| 084 | |a 33 |a 10 |a 19 |2 sdnb | ||
| 084 | |a 1 |2 ssgn | ||
| 084 | |a PJ 2380 |2 rvk |0 (DE-625)rvk/136660: | ||
| 084 | |a PJ 3420 |2 rvk |0 (DE-625)rvk/136801: | ||
| 084 | |a PI 2050 |2 rvk |0 (DE-625)rvk/136540: | ||
| 084 | |a PI 2000 |2 rvk |0 (DE-625)rvk/136539: | ||
| 084 | |2 rvk |0 (DE-625)rvk17686 | ||
| 245 | 0 | 0 | |a Medicine, ethics and law |b Thirteenth Annual Conference at Leeds, 4th - 6th April 1986 |c Association for Legal and Social Philosophy. Ed by Mark Ockelton |
| 264 | 1 | |a Stuttgart |b Steiner-Verlag Wiesbaden |c 1987 | |
| 300 | |a 111 S. | ||
| 336 | |a Text |b txt |2 rdacontent | ||
| 337 | |a ohne Hilfsmittel zu benutzen |b n |2 rdamedia | ||
| 338 | |a Band |b nc |2 rdacarrier | ||
| 490 | 1 | |a Archiv für Rechts- und Sozialphilosophie |a Beiheft |v [N.F.], 32 | |
| 490 | 1 | |a Annual conference / Association for Legal and Social Philosophy |v 13 | |
| 583 | 1 | |a Archivierung/Langzeitarchivierung gewährleistet |f PEBW |x XA-DE-BW |2 pdager |5 DE-24 | |
| 583 | 1 | |a Archivierung/Langzeitarchivierung gewährleistet |f SSG |x XA-DE-BW |2 pdager |5 DE-21 | |
| 650 | 0 | |a Ethics, Medical |x Congresses | |
| 650 | 0 | |a Legislation, Medical |x Congresses | |
| 650 | 0 | 7 | |0 (DE-588)4074672-0 |0 (DE-627)106088726 |0 (DE-576)209194898 |a Medizinische Ethik |2 gnd |
| 655 | 7 | |a Konferenzschrift |y 1986 |z Leeds |0 (DE-588)1071861417 |0 (DE-627)826484824 |0 (DE-576)433375485 |2 gnd-content | |
| 689 | 0 | 0 | |d s |0 (DE-588)4074672-0 |0 (DE-627)106088726 |0 (DE-576)209194898 |a Medizinische Ethik |2 gnd |
| 689 | 0 | |5 DE-101 | |
| 689 | 1 | 0 | |d s |0 (DE-588)4074672-0 |0 (DE-627)106088726 |0 (DE-576)209194898 |a Medizinische Ethik |2 gnd |
| 689 | 1 | |5 (DE-627) | |
| 700 | 1 | |a Ockelton, Mark |e Hrsg. |4 edt | |
| 710 | 2 | |a United Kingdom Association for Legal and Social Philosophy |0 (DE-588)2073443-8 |0 (DE-627)103818715 |0 (DE-576)192176676 |4 oth | |
| 810 | 2 | |a United Kingdom Association for Legal and Social Philosophy |t Annual conference / United Kingdom Association for Legal and Social Philosophy |v 13 |9 13 |w (DE-627)129576182 |w (DE-576)009511954 |w (DE-600)230545-8 |7 am | |
| 830 | 0 | |a Archiv für Rechts- und Sozialphilosophie |p Beiheft |v [N.F.], 32 |9 NF,32 |w (DE-627)130130761 |w (DE-576)015666743 |w (DE-600)508959-1 |x 0341-079X |7 am | |
| 856 | 4 | 2 | |u https://swbplus.bsz-bw.de/bsz01349905xinh.htm |m V:DE-576 |v 2008-08-18 |3 Inhaltsverzeichnis |7 1 |
| 856 | 4 | 2 | |u http://scans.hebis.de/HEBCGI/show.pl?00751096_toc.pdf |m V:DE-576 |q application/pdf |3 Inhaltsverzeichnis |7 1 |
| 889 | |w (DE-576)468653686 | ||
| 889 | |w (DE-627)1901353133 | ||
| 935 | |a mteo | ||
| 935 | |i Blocktest | ||
| 936 | r | v | |a PJ 2380 |b Komplexe Untersuchungen, Querschnittsfragen |k Rechtswissenschaft |k Medizinrecht (Biorecht, Recht des Gesundheitswesens, Arzneimittel- und Medizinproduktrecht, Medizinstrafrecht, Apothekenrecht) |k Ethisch-rechtliche Fragen zum Medizin- und Biorecht |k Komplexe Untersuchungen, Querschnittsfragen |0 (DE-627)1448227801 |0 (DE-625)rvk/136660: |0 (DE-576)378227807 |
| 936 | r | v | |a PJ 3420 |b Großbritannien |k Rechtswissenschaft |k Medizinrecht (Biorecht, Recht des Gesundheitswesens, Arzneimittel- und Medizinproduktrecht, Medizinstrafrecht, Apothekenrecht) |k Internationales und rechtsvergleichendes Medizinrecht (Biorecht, Recht des Gesundheitswesen, Arzneimittel- und Medizinprodukterecht, Medizinstrafrecht, Apothekenrecht) |k Westeuropa |k Großbritannien |0 (DE-627)1448228468 |0 (DE-625)rvk/136801: |0 (DE-576)378228463 |
| 936 | r | v | |a PI 2050 |b Sammelwerke, Kongressberichte |k Rechtswissenschaft |k Allgemeine Rechtslehre und Rechtstheorie, Rechts- und Staatsphilosophie, Rechtssoziologie |k Allgemeines |k Sammelwerke, Kongressberichte |0 (DE-627)1271265710 |0 (DE-625)rvk/136540: |0 (DE-576)201265710 |
| 936 | r | v | |a PI 2000 |b Reihen |k Rechtswissenschaft |k Allgemeine Rechtslehre und Rechtstheorie, Rechts- und Staatsphilosophie, Rechtssoziologie |k Allgemeines |k Reihen |0 (DE-627)1271265702 |0 (DE-625)rvk/136539: |0 (DE-576)201265702 |
| 936 | r | v | |0 (DE-625)rvk17686 |
| 936 | s | n | |a p100 |2 mzub |
| 936 | s | n | |a c100 |2 mzub |
| 936 | s | n | |a w200 |2 mzub |
| 951 | |a BO | ||
| ELC | |b 1 | ||
| LOK | |0 000 xxxxxcx a22 zn 4500 | ||
| LOK | |0 001 3279168767 | ||
| LOK | |0 003 DE-627 | ||
| LOK | |0 004 026614332 | ||
| LOK | |0 005 20140624154018 | ||
| LOK | |0 008 140320||||||||||||||||ger||||||| | ||
| LOK | |0 040 |a DE-21-110 |c DE-627 |d DE-21-110 | ||
| LOK | |0 689 |a s |a Medizinische Ethik | ||
| LOK | |0 689 |a s |a Sterilisation | ||
| LOK | |0 689 |a s |a Embryonenforschung | ||
| LOK | |0 689 |a s |a Reproduktionsmedizin | ||
| LOK | |0 852 |z Kein Bestand am IfK; Nachweis für KrimDok | ||
| LOK | |0 852 |a DE-21-110 | ||
| LOK | |0 852 1 |m v |9 00 | ||
| LOK | |0 935 |a k110 | ||
| LOK | |0 938 |k v | ||
| LOK | |0 939 |a 20-03-14 |b l01 | ||
| ORI | |a SA-MARC-krimdoka001.raw | ||
| TIM | |a 100019860101_100019861231 |b 1986 - 1986 | ||
